000 00592nam a2200193Ia 4500
999 _c10644
_d10644
003 OSt
005 20200116100625.0
008 190216s9999||||xx |||||||||||||| ||und||
020 _a9780070445017
040 _coclc
082 _a658.15
_bCHA/F
100 _a Chandra, Prasanna
_91069
245 0 _aFinancial Management Theory And Practice /
_cPrasanna Chandra
250 _a5th ed.
260 _bTata Mcgraw Hill Publishing Company Ltd,
_aNew Delhi:
_c2002.
300 _a1124p
650 _xFinancial Management
942 _cBK
_2ddc
_h658.15
_iCHA/F
_k658.15
_mCHA/F